00325nam a2200121Ia 4500008004100000041000800041082001600049100002100065245004500086260002900131300003400160365000900194240624s9999 xx 000 0 und d aeng a658.827 LIN aLINDSTROM MARTIN aBRAND CHILD REMARKABLE INSIGHTS INTO THE c2003aLondonbKogan Page axxviii, : 316 : p. : cm. ; 24 cb25